Statistics for 50 Biggest Cities in the United States

Click here to take the quiz!

General Stats

  • This quiz has been taken 240 times
  • The average score is 42 of 50

Answer Stats

#PopulationStateCity% Correct
32,693,976IllinoisChicago
99%
23,979,576CaliforniaLos Angeles
99%
18,336,816New YorkNew York City
99%
91,343,573TexasDallas
98%
42,329,268TexasHouston
98%
20705,749District of ColumbiaWashington
98%
17876,384IndianaIndianapolis
97%
61,584,064PennsylvaniaPhiladelphia
97%
51,680,992ArizonaPhoenix
97%
16881,589CaliforniaSan Francisco
97%
21692,600MassachusettsBoston
96%
19727,211ColoradoDenver
95%
42469,963FloridaMiami
95%
81,423,851CaliforniaSan Diego
95%
18753,675WashingtonSeattle
95%
11978,908TexasAustin
94%
27651,319NevadaLas Vegas
93%
37506,811GeorgiaAtlanta
92%
24670,031MichiganDetroit
91%
50390,144LouisianaNew Orleans
90%
25655,057OklahomaOklahoma City
90%
71,547,253TexasSan Antonio
90%
30593,490MarylandBaltimore
88%
23670,820TennesseeNashville
87%
46429,606MinnesotaMinniapolis
86%
36513,624CaliforniaSacramento
86%
15885,708North CarolinaCharlotte
85%
28651,073TennesseeMemphis
85%
26654,741OregonPortland
85%
12911,507FloridaJacksonville
84%
32560,513New MexicoAlbuquerque
82%
22681,728TexasEl Paso
82%
38495,327MissouriKansas City
82%
48399,700FloridaTampa
82%
14898,553OhioColumbus
81%
101,021,795CaliforniaSan Jose
80%
33548,073ArizonaTucson
79%
13909,585TexasFort Worth
78%
31590,157WisconsinMilwaukee
78%
41474,069North CarolinaRaleigh
77%
29617,638KentuckyLouisville
75%
40478,192NebraskaOmaha
74%
39478,221ColoradoColorado Springs
70%
47401,190OklahomaTulsa
70%
45433,031CaliforniaOakland
68%
34531,576CaliforniaFresno
64%
44449,974VirginiaVirginia Beach
64%
35518,012ArizonaMesa
60%
43462,628CaliforniaLong Beach
55%
49398,854TexasArlington
47%

Score Distribution

Percentile by Number Answered

Percent of People with Each Score

Your Score History

You have not taken this quiz